000 01734nam a2200253Ia 4500
008 260220t2008||||xx |||||||||||||| ||spa||
040 _aPY-SlUNAC
_bspa
_erda
041 _aspa
082 _a576
_bUr74p
100 _aUrcuqui, Silvio
_eAutor
245 0 _aPrincipios de virología /
_cpor Silvio Urcuqui [Autor] y Jorge Ossa [Autor]
264 _aColombia :
_bBiogénesis,
_c℗2008.
300 _a1 volumen
520 _a"Principios de virología" de Silvio Urcuqui es una obra fundamental que aborda los aspectos esenciales de la virología, la ciencia que estudia los virus y su interacción con los seres vivos. El autor presenta de manera clara y concisa los principios biológicos y moleculares que rigen la estructura, replicación y patogenicidad de los virus. A lo largo del texto, se exploran diversos tipos de virus, su clasificación y los métodos utilizados para su estudio, así como las técnicas modernas de diagnóstico y tratamiento. Urcuqui también discute la importancia de los virus en la ecología, la biotecnología y la salud pública, subrayando su impacto en las epidemias y pandemias. La obra se complementa con ilustraciones y ejemplos prácticos que facilitan la comprensión de conceptos complejos. Este libro se convierte en un recurso valioso tanto para estudiantes como para profesionales interesados en la virología, ofreciendo una base sólida para el entendimiento de los virus en un contexto contemporáneo.
651 _aColombia
653 _aBiología
653 _aVirología
700 _aOssa, Jorge
_eAutor
942 _b2026/02/17
_cBK
999 _c8199
_d8199